Los conversos ante el tribunal de la Inquisición / (Record no. 31255)

MARC details
000 -LEADER
campo de control de longitud fija 00669nam a2200193 i 4500
001 - NÚMERO DE CONTROL
campo de control 31255
003 - IDENTIFICADOR DE NÚMERO DE CONTROL
campo de control ES-MaACL
005 - FECHA Y HORA DE LA ÚLTIMA TRANSACCIÓN
campo de control 20250905133302.0
007 - CAMPO FIJO DE DESCRIPCIÓN FÍSICA--INFORMACIÓN GENERAL
campo de control de longitud fija t|
008 - DATOS DE LONGITUD FIJA--INFORMACIÓN GENERAL
campo de control de longitud fija 030128s1983 sp ||||1| spa d
100 1# - ENTRADA PRINCIPAL--NOMBRE DE PERSONA
Nombre de persona Beinart, Haim
9 (RLIN) 27072
245 14 - MENCIÓN DEL TÍTULO
Título Los conversos ante el tribunal de la Inquisición /
Mención de responsabilidad, etc. Haim Beinart ; [traducido del inglés por José Manuel Alvarez Flórez y Angela Pérez].
260 ## - PUBLICACIÓN, DISTRIBUCIÓN, ETC.
Lugar de publicación, distribución, etc. [Barcelona] :
Nombre del editor, distribuidor, etc. Riopiedras,
Fecha de publicación, distribución, etc. [1983]
300 ## - DESCRIPCIÓN FÍSICA
Extensión 377 p., 8 lám. ;
Dimensiones 22 cm.
700 1# - ENTRADA AGREGADA--NOMBRE PERSONAL
Nombre de persona Álvarez Flórez, José Manuel.
9 (RLIN) 20809
700 1# - ENTRADA AGREGADA--NOMBRE PERSONAL
Nombre de persona Pérez Gómez, Ángela
9 (RLIN) 90555
852 ## - LOCALIZACIÓN
Ubicación ES-MaACL
Número de control de estantería L-6304
Sublocalización o colección R.106931
Holdings
Estatus retirado Estado de pérdida Estado de daño No para préstamo Biblioteca de origen Biblioteca actual Ubicación en estantería Fecha de adquisición Fuente de adquisición Total de préstamos Signatura topográfica completa Código de barras Visto por última vez Precio de reemplazo Tipo de ítem Koha
        Biblioteca del Ateneo de Madrid Biblioteca del Ateneo de Madrid Depósito 2 17/01/2008     L-6304 1032289 23/02/2023 23/02/2023 Libro impreso